Volumes of Remembrance of Things Past Quiz Stats

 Plays Quiz not verified by Sporcle

Challenge
Share
Tweet
Embed
Score 0/7 Timer 03:00
0 Plays Today
Volume Name % Correct
1Swann's Way
97.4%
7The Past Recaptured
81%
3The Guermantes Way
74.1%
4Cities of the Plain
72.5%
2Within a Budding Grove
69.3%
5The Captive
68.8%
6The Fugitive
68.8%

You're not logged in!

Compare scores with friends on all Sporcle quizzes.
Join for Free
OR
Log In

You Might Also Like...

Show Comments

Extras

Top Quizzes Today


Score Distribution

Your Account Isn't Verified!

In order to create a playlist on Sporcle, you need to verify the email address you used during registration. Go to your Sporcle Settings to finish the process.

Report this User

Report this user for behavior that violates our Community Guidelines.

Details: